[Event "Grand Chess Tour 2018"]
[Site "Saint Louis"]
[Date "14.08.2018"]
[Round "1B"]
[White "So,W"]
[Black "Caruana,F"]
[Result "0-1"]
[WhiteElo "2780"]
[BlackElo "2822"]
[EventDate "2018.08.11"]

1. Nf3 d5 2. b3 Nf6 3. Bb2 Bg4 4. h3 Bh5 5. g4 Bg6 6. d3 Nbd7 7. Bg2 e6 8.
Nh4 Bd6 9. Nd2 c6 10. e3 a5 11. a3 e5 12. O-O O-O 13. f4 exf4 14. exf4 h6
15. Qf3 Qc7 16. Rae1 Rae8 17. Rxe8 Rxe8 18. Nxg6 fxg6 19. g5 Nh5 20. gxh6
Bxf4 21. Rf2 Re1+ 22. Bf1 Re3 23. Qd1 Rg3+ 24. Kh1 Be3 25. Qe1 Bxf2 26.
Qxf2 Rg5 27. Nf3 Qf4 28. Bg2 Ne5 29. Qd4 Ng3+ 30. Kh2 Nxf3+ 31. Bxf3 Nf1+
0-1

[Event "Grand Chess Tour 2018"]
[Site "Saint Louis"]
[Date "14.08.2018"]
[Round "1B"]
[White "Dominguez Perez,L"]
[Black "Aronian,L"]
[Result "1/2-1/2"]
[WhiteElo "2739"]
[BlackElo "2767"]
[EventDate "2018.08.11"]

1. e4 e5 2. Nf3 Nc6 3. Bc4 Bc5 4. c3 Nf6 5. d3 O-O 6. Nbd2 d6 7. O-O Ne7 8.
d4 exd4 9. cxd4 Bb6 10. e5 Ne8 11. a4 Nf5 12. Nb3 dxe5 13. dxe5 Qxd1 14.
Rxd1 a5 15. h3 c6 16. Bg5 h6 17. Bd8 Bxd8 18. Rxd8 Nc7 19. Rxf8+ Kxf8 20.
Nbd4 Bd7 21. Rd1 Ke8 22. g4 Ne7 23. Kh2 Rd8 24. Kg3 Bc8 25. Rd2 Ncd5 26.
Bb3 Nb4 27. Bc4 g6 28. Nb3 Rxd2 29. Nfxd2 b6 30. Ne4 Be6 31. Nbd2 Bxc4 32.
Nxc4 Ned5 33. f4 Nd3 34. f5 gxf5 35. gxf5 Kf8 36. Kf3 b5 37. axb5 cxb5 38.
Nxa5 Nxe5+ 39. Kg3 Nd3 40. b3 Nc1 41. Kf3 Kg7 42. Nd6 b4 43. Ne4 h5 44. h4
Nd3 45. Nc6 Nc1 46. Nd4 Nd3 47. Nc6 Nc1 48. Nd4 Nd3 1/2-1/2

[Event "Grand Chess Tour 2018"]
[Site "Saint Louis"]
[Date "14.08.2018"]
[Round "2B"]
[White "Caruana,F"]
[Black "Aronian,L"]
[Result "1/2-1/2"]
[WhiteElo "2822"]
[BlackElo "2767"]
[EventDate "2018.08.11"]

1. c4 Nf6 2. Nc3 e5 3. Nf3 Nc6 4. a3 g6 5. d3 Bg7 6. g3 O-O 7. Bg2 d6 8.
O-O Nd4 9. Ne1 c6 10. b4 Re8 11. e3 Ne6 12. Bb2 h5 13. Nf3 Bd7 14. Rc1 Rc8
15. c5 Nf8 16. cxd6 Bg4 17. h3 Bxf3 18. Qxf3 Qxd6 19. Rfd1 a6 20. Qe2 Ne6
21. h4 Rcd8 22. Bh3 Qb8 23. Qf3 Nd5 24. Ne4 f5 25. Nc5 Nxc5 26. bxc5 Nf6
27. Qe2 Ng4 28. Bc3 Qc7 29. Rb1 Qf7 30. Rb2 Rd5 31. Rdb1 Re7 32. e4 Rd8 33.
Bd2 f4 34. Rb3 Red7 35. Bxg4 hxg4 36. Qxg4 Rxd3 37. Rxb7 Qf6 38. Be1 fxg3
39. fxg3 Rf3 40. Kg2 Rf8 41. Rb8 Rxa3 42. Rxf8+ Bxf8 43. Rb2 a5 44. Rf2 Qg7
45. Qe6+ Kh8 46. Rf7 Qh6 47. Qxe5+ Bg7 48. Qe8+ Kh7 49. Kh3 g5 50. Qd7
Qxh4+ 51. Kg2 Ra2+ 52. Bf2 Qxe4+ 53. Kh2 Qg6 54. Qh3+ Qh6 55. Qxh6+ Kxh6
56. Kg1 a4 57. Rc7 a3 58. Rxc6+ Kh5 59. Ra6 Bb2 60. c6 Ra1+ 61. Kg2 Rc1 62.
Be3 Rc2+ 63. Kf3 Rc4 64. Ke2 Kg4 65. Kd3 Rc3+ 66. Kd2 Kxg3 67. Bd4 Rc4 68.
Ba7 Bf6 69. Rxa3+ Kg4 70. Ra6 Bd8 71. Kd3 Rc1 72. Be3 Rd1+ 73. Kc2 Rd5 74.
Kc3 Kf5 75. Kc4 Rd1 76. Ra8 g4 77. Bd4 Bc7 78. Rc8 Bg3 79. Rf8+ Ke6 80.
Re8+ Kf5 81. Rf8+ 1/2-1/2

[Event "Grand Chess Tour 2018"]
[Site "Saint Louis"]
[Date "14.08.2018"]
[Round "2B"]
[White "Karjakin,Sergey"]
[Black "Anand,V"]
[Result "1-0"]
[WhiteElo "2773"]
[BlackElo "2768"]
[EventDate "2018.08.11"]

1. e4 e5 2. Nf3 Nc6 3. Bc4 Bc5 4. c3 Nf6 5. d3 O-O 6. a4 a6 7. b4 Ba7 8.
Bg5 d6 9. Nbd2 Be6 10. O-O h6 11. Bh4 Kh8 12. Re1 g5 13. Bg3 Bg4 14. Qb3
Qe7 15. d4 Nh5 16. Bd5 Nxg3 17. hxg3 exd4 18. Bxc6 bxc6 19. cxd4 Bxf3 20.
Nxf3 g4 21. Nh4 Bxd4 22. Nf5 Qf6 23. Rac1 c5 24. Nxd4 Qxd4 25. Rc4 Qe5 26.
Qe3 Kg7 27. bxc5 Rae8 28. cxd6 cxd6 29. Rd1 Re6 30. Qa7 Rfe8 31. Rcd4 Qf6
32. Qxa6 d5 33. Qb5 dxe4 34. a5 Re5 35. Qa4 h5 36. Rd6 R8e6 37. Rxe6 Rxe6
38. Qa1 Ra6 39. Qxf6+ Kxf6 40. Ra1 Ke5 41. Kf1 f5 42. Ke2 f4 43. gxf4+ Kxf4
44. g3+ Kf5 45. Ke3 Ke5 46. Ra2 Kf5 47. Ra4 1-0

[Event "Grand Chess Tour 2018"]
[Site "Saint Louis"]
[Date "14.08.2018"]
[Round "2B"]
[White "So,W"]
[Black "Nakamura,Hi"]
[Result "0-1"]
[WhiteElo "2780"]
[BlackElo "2777"]
[EventDate "2018.08.11"]

1. d4 Nf6 2. c4 e6 3. Nc3 Bb4 4. e3 O-O 5. Nge2 c6 6. a3 Ba5 7. c5 d5 8.
cxd6 Qxd6 9. b4 Bc7 10. Bb2 Qe7 11. Ng3 e5 12. dxe5 Bxe5 13. Be2 a5 14. O-O
axb4 15. axb4 Rxa1 16. Qxa1 Qxb4 17. f4 Bxc3 18. Bxc3 Qe7 19. e4 Re8 20.
Bf3 Na6 21. e5 Nd5 22. Bxd5 cxd5 23. f5 Nb4 24. f6 Qc5+ 25. Kh1 d4 26. Bxd4
Qc4 27. fxg7 Nc2 28. Qc1 Qxd4 29. Qxc2 Qxe5 30. Qc4 Be6 31. Qh4 Ra8 32. Nh5
h6 33. h3 b5 34. Re1 Qg5 35. Nf6+ Kxg7 36. Qe4 Ra4 37. Ne8+ Kf8 38. Qc6 Rc4
39. Qd6+ Kxe8 40. Ra1 Rc1+ 0-1

[Event "Grand Chess Tour 2018"]
[Site "Saint Louis"]
[Date "14.08.2018"]
[Round "3B"]
[White "Anand,V"]
[Black "So,W"]
[Result "1/2-1/2"]
[WhiteElo "2768"]
[BlackElo "2780"]
[EventDate "2018.08.11"]

1. e4 c5 2. Nf3 d6 3. Bb5+ Nd7 4. O-O a6 5. Bd3 Ngf6 6. c3 b5 7. Bc2 Bb7 8.
Re1 c4 9. a4 e6 10. axb5 axb5 11. Rxa8 Qxa8 12. Na3 Bxe4 13. Bxe4 Nxe4 14.
b4 d5 15. Nxb5 Qb7 16. Nbd4 Be7 17. d3 cxd3 18. Qxd3 O-O 19. Bb2 Rc8 20.
Ra1 Nb6 21. Qa6 Qxa6 22. Rxa6 Nc4 23. Ba1 Bf6 24. Kf1 Kf8 25. Ke2 Ke8 26.
Nb5 Rb8 27. Nbd4 Rb7 28. g3 Kd7 29. h4 h5 30. Ra8 Nb6 31. Ra6 Nc4 32. Ra8
g6 33. Rf8 Ned6 34. Ra8 Nb6 35. Ra6 Ne4 36. Nb3 Nc4 37. Nfd4 Be5 38. Nc6
Bd6 39. Ncd4 Be5 40. Nc6 Rc7 41. Ncd4 Bxd4 42. cxd4 Ke7 43. Nc5 Ned6 44.
Bc3 Nb5 45. Kd3 Ra7 46. Rxa7+ Nxa7 47. Bd2 Nb5 48. Be3 f6 49. Na4 e5 50.
dxe5 fxe5 51. Nc3 Nxc3 52. Kxc3 Kd6 53. Bc5+ Kc6 54. Bf8 Kb5 55. f3 Kc6 56.
Kd3 Kb5 57. Kc3 Kc6 58. Kd3 1/2-1/2

[Event "Grand Chess Tour 2018"]
[Site "Saint Louis"]
[Date "14.08.2018"]
[Round "4B"]
[White "Karjakin,Sergey"]
[Black "Dominguez Perez,L"]
[Result "1/2-1/2"]
[WhiteElo "2773"]
[BlackElo "2739"]
[EventDate "2018.08.11"]

1. e4 e5 2. Nf3 Nc6 3. Bc4 Bc5 4. c3 Nf6 5. d3 O-O 6. a4 d5 7. exd5 Nxd5 8.
Nbd2 Nf4 9. Ne4 Nxg2+ 10. Kf1 Bh3 11. Kg1 h6 12. Nfg5 hxg5 13. Qh5 Qc8 14.
Nf6+ gxf6 15. Qg6+ Kh8 16. Qh6+ Kg8 17. Qg6+ Kh8 1/2-1/2

[Event "Grand Chess Tour 2018"]
[Site "Saint Louis"]
[Date "14.08.2018"]
[Round "4B"]
[White "So,W"]
[Black "Grischuk,A"]
[Result "1/2-1/2"]
[WhiteElo "2780"]
[BlackElo "2766"]
[EventDate "2018.08.11"]

1. Nf3 Nf6 2. c4 g6 3. Nc3 Bg7 4. e4 d6 5. d4 O-O 6. Be2 e5 7. O-O Nc6 8.
d5 Ne7 9. Ne1 Nd7 10. f3 f5 11. Be3 f4 12. Bf2 g5 13. g4 h5 14. h3 Rf6 15.
Nd3 Rh6 16. c5 Nf6 17. Kg2 Ng6 18. Rh1 Bf8 19. Rc1 a6 20. Qb3 Kg7 21. cxd6
Bxd6 22. Nc5 Qh8 23. Ne6+ Bxe6 24. dxe6 Qh7 25. Qxb7 Rh8 26. Nb5 axb5 27.
Rxc7+ Bxc7 28. Qxc7+ Ne7 29. Qxe7+ Kg6 30. Qxh7+ R6xh7 31. gxh5+ Nxh5 32.
Bxb5 Kf6 33. Bd7 Ng7 34. Rd1 Rxh3 35. Rd6 g4 36. fxg4 f3+ 37. Kf1 Rh1+ 38.
Bg1 R8h2 39. Rd3 Rxb2 40. Rxf3+ Ke7 41. Rf7+ Kd6 42. Rxg7 Rb1+ 43. Ke2
Rhxg1 44. g5 Rg2+ 45. Kf3 Rbg1 46. a4 Rg3+ 47. Kf2 R1g2+ 48. Kf1 Rb2 49.
Bb5 Rc3 50. Kg1 Rc1+ 51. Bf1 Kxe6 52. Rg6+ Kf7 53. Rf6+ Kg7 54. Rf5 Rb4 55.
a5 Rxe4 56. a6 Ra4 57. Kg2 Ra2+ 58. Kg3 Ra4 59. Be2 Rc3+ 60. Kf2 Ra2 61.
Rxe5 Rca3 1/2-1/2

[Event "Grand Chess Tour 2018"]
[Site "Saint Louis"]
[Date "14.08.2018"]
[Round "5B"]
[White "Anand,V"]
[Black "Caruana,F"]
[Result "1/2-1/2"]
[WhiteElo "2768"]
[BlackElo "2822"]
[EventDate "2018.08.11"]

1. e4 e5 2. Nf3 Nf6 3. Nxe5 d6 4. Nf3 Nxe4 5. d4 d5 6. Bd3 Bd6 7. O-O O-O
8. c4 c6 9. Nc3 Nxc3 10. bxc3 dxc4 11. Bxc4 Bf5 12. Re1 Nd7 13. Bg5 Qa5 14.
Nh4 Nb6 15. Bb3 Be6 16. Rxe6 Qxg5 17. Nf3 Qd8 18. Re4 Nd5 19. Qd3 g6 20. g3
Qd7 21. Rae1 Rfe8 22. Rxe8+ Rxe8 23. Kg2 Rxe1 24. Nxe1 Kg7 25. Nc2 1/2-1/2

[Event "Grand Chess Tour 2018"]
[Site "Saint Louis"]
[Date "14.08.2018"]
[Round "5B"]
[White "Dominguez Perez,L"]
[Black "So,W"]
[Result "1-0"]
[WhiteElo "2739"]
[BlackElo "2780"]
[EventDate "2018.08.11"]

1. e4 c6 2. d4 d5 3. e5 Bf5 4. Nf3 e6 5. Be2 c5 6. Be3 cxd4 7. Nxd4 Ne7 8.
O-O Nbc6 9. Bb5 a6 10. Bxc6+ Nxc6 11. Nxf5 exf5 12. c3 Qd7 13. Re1 Be7 14.
Nd2 O-O 15. Nf3 Qe6 16. Qb3 b5 17. a4 b4 18. Rad1 bxc3 19. bxc3 Rfd8 20. h3
h6 21. Qc2 g5 22. Nd4 Nxd4 23. Bxd4 Rac8 24. Rb1 Bc5 25. Qd3 Bxd4 26. cxd4
Rc4 27. a5 Rdc8 28. Rb6 R8c6 29. Reb1 Kg7 30. Kh2 f4 31. Rxc6 Rxc6 32. Rb7
h5 33. Qf3 Kh6 34. Rb8 Rc8 35. Rxc8 Qxc8 36. Qxd5 g4 37. Qxf7 g3+ 38. fxg3
fxg3+ 39. Kxg3 h4+ 40. Kh2 1-0

[Event "Grand Chess Tour 2018"]
[Site "Saint Louis"]
[Date "14.08.2018"]
[Round "5B"]
[White "Aronian,L"]
[Black "Karjakin,Sergey"]
[Result "1/2-1/2"]
[WhiteElo "2767"]
[BlackElo "2773"]
[EventDate "2018.08.11"]

1. e4 e5 2. Nf3 Nc6 3. Bc4 Bc5 4. O-O Nf6 5. d3 O-O 6. h3 d6 7. c3 a6 8. a4
h6 9. Re1 a5 10. Na3 Be6 11. Bxe6 fxe6 12. Nc2 Ba7 13. Be3 Bxe3 14. Nxe3
Qd7 15. Qb3 b6 16. Qb5 Rf7 17. Nd2 Raf8 18. Re2 Qe8 19. g3 Qa8 20. Kg2 Kh7
21. Rh1 Ng8 22. h4 Nf6 23. h5 Ne7 24. Kg1 Kh8 25. Rh4 Nh7 26. d4 exd4 27.
cxd4 Nc6 28. Qc4 e5 29. dxe5 Nxe5 30. Qd5 Qa6 31. Qb5 Qxb5 32. axb5 Ng5 33.
Kg2 Ngf3 34. Nxf3 Nxf3 35. Rg4 Nd4 36. Rd2 Nxb5 37. f4 Re8 38. Kf3 Na7 39.
Rc2 Nb5 40. Rd2 Kh7 41. Rg6 Rf6 42. Rxf6 gxf6 43. Nf5 a4 44. Rd5 a3 45.
bxa3 Nxa3 46. Rd4 b5 47. Ne3 Kg7 48. Nf5+ Kh7 49. Ne3 Rf8 50. g4 Kg7 51.
Nf5+ Kh7 52. Ne3 Kg7 53. Nf5+ Kh7 1/2-1/2

[Event "Grand Chess Tour 2018"]
[Site "Saint Louis"]
[Date "14.08.2018"]
[Round "6B"]
[White "Karjakin,Sergey"]
[Black "Mamedyarov,S"]
[Result "0-1"]
[WhiteElo "2773"]
[BlackElo "2801"]
[EventDate "2018.08.11"]

1. e4 c6 2. d4 d5 3. e5 Bf5 4. Nf3 e6 5. Be2 Ne7 6. c3 Nd7 7. O-O h6 8.
Nbd2 c5 9. dxc5 Nxc5 10. Nd4 Nd7 11. Nxf5 Nxf5 12. Bd3 Ne7 13. Nf3 Nc6 14.
Re1 Qc7 15. Qe2 g5 16. h3 a6 17. c4 dxc4 18. Bxc4 Bg7 19. Bd2 Ndxe5 20.
Nxe5 Nxe5 21. Bxe6 fxe6 22. Rac1 Qf7 23. Bc3 O-O 24. Bxe5 Bxe5 25. Qxe5
Qxf2+ 26. Kh1 Rae8 27. Qe4 Qf7 28. Rf1 Qxf1+ 29. Rxf1 Rxf1+ 30. Kh2 Rf6 31.
Qxb7 e5 32. Qe4 Re7 33. h4 gxh4 34. Qxh4 Kg7 35. Qg4+ Kf7 36. Qe4 Kg7 37.
Qg4+ Rg6 38. Qe4 Rg5 39. b4 Rf7 40. g3 h5 41. a4 Rf6 42. b5 axb5 43. axb5
Rfg6 44. Qe3 e4 45. Qd4+ Kh7 46. b6 Rxg3 47. Qxe4 R3g4 48. Qe7+ Kh6 49.
Qe3+ R6g5 50. b7 Rh4+ 0-1

[Event "Grand Chess Tour 2018"]
[Site "Saint Louis"]
[Date "14.08.2018"]
[Round "6B"]
[White "So,W"]
[Black "Aronian,L"]
[Result "1/2-1/2"]
[WhiteElo "2780"]
[BlackElo "2767"]
[EventDate "2018.08.11"]

1. d4 Nf6 2. c4 e6 3. Nc3 Bb4 4. g3 c5 5. Nf3 cxd4 6. Nxd4 O-O 7. Bg2 d5 8.
O-O dxc4 9. Qa4 Na6 10. Rd1 Qe8 11. Qc2 Nc7 12. Ne4 Nxe4 13. Bxe4 e5 14.
Bxh7+ Kh8 15. Nf3 b5 16. Qe4 Qe6 17. Ng5 Qg4 18. Qc6 Ne6 19. Qxa8 Nxg5 20.
Bxg5 Kxh7 21. Rd8 Rxd8 22. Bxd8 Bf5 23. Qxa7 Qxe2 24. Qxf7 Bg6 25. Qd7 Bc5
26. Qh3+ Kg8 27. Qe6+ Bf7 28. Qf5 Bg6 29. Qe6+ 1/2-1/2

[Event "Grand Chess Tour 2018"]
[Site "Saint Louis"]
[Date "14.08.2018"]
[Round "7B"]
[White "Grischuk,A"]
[Black "Caruana,F"]
[Result "1-0"]
[WhiteElo "2766"]
[BlackElo "2822"]
[EventDate "2018.08.11"]

1. Nf3 d5 2. b3 Bg4 3. e3 Nd7 4. Bb2 Ngf6 5. h3 Bh5 6. g4 Bg6 7. Nh4 e5 8.
d3 c6 9. Nd2 Bd6 10. Bg2 O-O 11. Qe2 a5 12. a3 Re8 13. Nxg6 hxg6 14. g5 Nh5
15. Qg4 e4 16. dxe4 Be5 17. O-O-O Bxb2+ 18. Kxb2 Ne5 19. Qh4 d4 20. Nf3 a4
21. Rxd4 Qb6 22. Rb4 Qc5 23. Nxe5 Qxe5+ 24. Kb1 c5 25. Rxa4 Rxa4 26. bxa4
Ra8 27. Qg4 Rxa4 28. Qc8+ Kh7 29. Qxb7 c4 30. Ka2 Qxg5 31. Bf3 Nf6 32. h4
Qa5 33. Qb2 Qd2 34. e5 Nd7 35. h5 g5 36. Be4+ Kh6 37. Qd4 Qa5 38. Qd6+ f6
39. exf6 Nxf6 40. Bc6 Qb6 41. f4 g4 42. Rb1 Qa6 43. Rb8 Kh7 44. Qc5 Rxa3+
45. Qxa3 Qxc6 46. Qa8 Qxa8+ 47. Rxa8 g3 48. Rd8 Ne4 49. Ka3 Nc3 1-0

[Event "Grand Chess Tour 2018"]
[Site "Saint Louis"]
[Date "14.08.2018"]
[Round "7B"]
[White "Dominguez Perez,L"]
[Black "Anand,V"]
[Result "1/2-1/2"]
[WhiteElo "2739"]
[BlackElo "2768"]
[EventDate "2018.08.11"]

1. d4 Nf6 2. Nf3 d5 3. c4 e6 4. g3 dxc4 5. Bg2 c5 6. O-O Nc6 7. dxc5 Qxd1
8. Rxd1 Bxc5 9. Nfd2 Na5 10. Na3 Bxa3 11. bxa3 Bd7 12. Bb2 Rc8 13. Bc3 b6
14. Rdc1 Rc7 15. Bxa5 bxa5 16. Rxc4 Rxc4 17. Nxc4 Ke7 18. Nxa5 Rc8 19. Nb3
Ne8 20. Rc1 Rxc1+ 21. Nxc1 Nd6 22. Kf1 Nc4 1/2-1/2

[Event "Grand Chess Tour 2018"]
[Site "Saint Louis"]
[Date "14.08.2018"]
[Round "8B"]
[White "Caruana,F"]
[Black "Karjakin,Sergey"]
[Result "1-0"]
[WhiteElo "2822"]
[BlackElo "2773"]
[EventDate "2018.08.11"]

1. c4 Nf6 2. Nc3 e5 3. Nf3 Nc6 4. a3 d5 5. cxd5 Nxd5 6. e3 Nxc3 7. bxc3 e4
8. Nd4 Ne5 9. Qc2 f5 10. c4 c5 11. Nb5 Be7 12. Bb2 Bf6 13. Rd1 O-O 14. d4
cxd4 15. Bxd4 Qe7 16. c5 Be6 17. Qc3 Nc6 18. Bxf6 Qxf6 19. Qxf6 Rxf6 20.
Nc7 Raf8 21. Nxe6 Rxe6 22. Bc4 Rfe8 23. Rd7 b5 24. cxb6 axb6 25. Rd6 1-0

[Event "Grand Chess Tour 2018"]
[Site "Saint Louis"]
[Date "14.08.2018"]
[Round "8B"]
[White "Anand,V"]
[Black "Aronian,L"]
[Result "1/2-1/2"]
[WhiteElo "2768"]
[BlackElo "2767"]
[EventDate "2018.08.11"]

1. e4 e5 2. Nf3 Nc6 3. Bb5 Nf6 4. O-O Nxe4 5. Re1 Nd6 6. Nxe5 Be7 7. Bf1
Nxe5 8. Rxe5 O-O 9. d4 Ne8 10. Nc3 Bf6 11. Re1 d5 12. Ne2 c6 13. c3 g6 14.
Nf4 Ng7 15. g3 Bf5 16. Ng2 Qb6 17. Ne3 Rfe8 18. Nxf5 Nxf5 19. Bd3 Rxe1+ 20.
Qxe1 Ng7 21. Qd1 Re8 22. Rb1 Ne6 23. Bd2 Bg5 24. h4 Bxd2 25. Qxd2 Qa5 26.
b4 Qd8 27. a4 h5 28. Kg2 a6 29. Re1 Ng7 30. Rxe8+ Nxe8 31. a5 Qf6 1/2-1/2

[Event "Grand Chess Tour 2018"]
[Site "Saint Louis"]
[Date "14.08.2018"]
[Round "9B"]
[White "Dominguez Perez,L"]
[Black "Caruana,F"]
[Result "0-1"]
[WhiteElo "2739"]
[BlackElo "2822"]
[EventDate "2018.08.11"]

1. d4 Nf6 2. Nf3 e6 3. c4 d5 4. g3 Bb4+ 5. Bd2 Be7 6. Bg2 O-O 7. O-O Nbd7
8. Qc2 c6 9. Rd1 b6 10. Bf4 Bb7 11. Ne5 Rc8 12. Nc3 Nh5 13. Bc1 Nhf6 14. e4
Bb4 15. Bg5 Qc7 16. Nxd7 Nxd7 17. a3 Bxc3 18. Qxc3 dxc4 19. Bf4 Qd8 20. Bd6
Re8 21. Qxc4 c5 22. dxc5 Nxc5 23. Bxc5 Qc7 24. b4 bxc5 25. Rac1 Qe5 26.
bxc5 Rc7 27. Rd2 Rec8 28. Rdc2 h6 29. Qb4 Ba6 30. f4 Qh5 31. e5 Qg6 32. Be4
Qg4 33. c6 h5 34. Qc3 Bb5 35. Qf3 Qh3 36. Rc5 a6 37. Qf2 h4 38. Qg2 Qg4 39.
Qf3 Qh3 40. Qf2 hxg3 41. hxg3 Rd8 42. Bg2 Qf5 43. R5c3 g5 44. Qe3 Kg7 45.
fxg5 Qg4 46. Qf4 Qxf4 47. gxf4 Rd4 48. R3c2 Rxf4 49. Rd2 Rg4 50. Kf2 Rxg5
51. Rc5 Kf8 52. Be4 f6 53. Ke3 fxe5 54. Rh2 Ke7 55. Rh7+ Kd6 56. Rxc7 Kxc7
57. Kf3 Rh5 58. Kg4 Rh2 59. Rxe5 Kd6 60. c7 Kxc7 61. Kf4 Kd6 62. Rg5 Rh4+
63. Ke3 Rh3+ 64. Kd4 Rxa3 65. Rh5 Ra4+ 66. Ke3 e5 67. Rh6+ Kc5 68. Re6 Ra3+
69. Kd2 Kd4 70. Bc2 Bc4 71. Rd6+ Kc5 72. Rd8 Rh3 73. Rc8+ Kd4 74. Rd8+ Bd5
75. Bf5 Rh2+ 76. Kc1 0-1

[Event "Grand Chess Tour 2018"]
[Site "Saint Louis"]
[Date "14.08.2018"]
[Round "9B"]
[White "Aronian,L"]
[Black "Grischuk,A"]
[Result "0-1"]
[WhiteElo "2767"]
[BlackElo "2766"]
[EventDate "2018.08.11"]

1. e4 c5 2. Nf3 d6 3. d4 cxd4 4. Nxd4 Nf6 5. Nc3 a6 6. Be3 Ng4 7. Bc1 Nf6
8. f3 e6 9. Be3 b5 10. Qd2 Nbd7 11. g4 b4 12. Nd1 h6 13. c4 bxc3 14. Nxc3
Bb7 15. h4 d5 16. Rg1 dxe4 17. g5 hxg5 18. hxg5 Nd5 19. g6 Nxe3 20. gxf7+
Kxf7 21. Qxe3 Qh4+ 22. Kd1 Ne5 23. Kc2 Nxf3 24. Nxf3 exf3 25. Rd1 Rd8 26.
Rxd8 Qxd8 27. Qf4+ Kg8 28. Bc4 Qe7 29. Rg6 Rh4 30. Qe3 Rxc4 0-1

[Event "Grand Chess Tour 2018"]
[Site "Saint Louis"]
[Date "14.08.2018"]
[Round "9B"]
[White "Karjakin,Sergey"]
[Black "So,W"]
[Result "0-1"]
[WhiteElo "2773"]
[BlackElo "2780"]
[EventDate "2018.08.11"]

1. b3 b6 2. Bb2 Bb7 3. Nf3 Nf6 4. e3 c5 5. c4 g6 6. Be2 Bg7 7. O-O O-O 8.
Nc3 d5 9. cxd5 Nxd5 10. Rc1 Nc6 11. Qc2 Ndb4 12. Qb1 Ba6 13. Bxa6 Nxa6 14.
d4 cxd4 15. Nb5 Qd5 16. Nbxd4 Nxd4 17. Bxd4 Rac8 18. b4 e5 19. Ba1 f6 20.
a3 Nb8 21. h3 Nc6 22. Rfd1 Qe6 23. Bc3 Ne7 24. b5 Rfd8 25. Rxd8+ Rxd8 26.
Bb4 Nd5 27. Rc6 Qf7 28. Nd2 Nxb4 29. Qxb4 Bf8 30. Qc3 Bxa3 31. Ne4 Be7 32.
Rc7 Qe6 33. Rxa7 f5 34. Qc6 Qxc6 35. bxc6 Kf7 36. Nc3 Ke6 37. Nb5 Rc8 38.
c7 Bd6 39. Rb7 Kd7 40. Rxb6 Bxc7 41. Rf6 Ke7 42. Ra6 Bb8 43. g4 fxg4 44.
hxg4 Rc4 45. Kf1 Kd7 46. g5 Rg4 47. Rb6 Bc7 48. Rb7 Kc6 49. Rxc7+ Kxb5 50.
Rxh7 Kc6 51. Ke2 Rxg5 52. Ra7 Kd6 53. Kd3 Rf5 54. Ra2 Rg5 55. f3 Ke6 56.
Ke4 Rf5 57. Ra6+ Kf7 58. Rb6 Rh5 59. Kd5 Rf5 60. Ke4 Rh5 61. Rc6 Rf5 62.
Rc7+ Kf6 63. Rc8 Kf7 64. Rh8 Rg5 65. Kd5 Rf5 66. Rh3 Kf6 67. Rh8 Kg7 0-1

[Event "Grand Chess Tour 2018"]
[Site "Saint Louis"]
[Date "15.08.2018"]
[Round "10B"]
[White "Caruana,F"]
[Black "So,W"]
[Result "1/2-1/2"]
[WhiteElo "2822"]
[BlackElo "2780"]
[EventDate "2018.08.11"]

1. d4 Nf6 2. c4 e6 3. Nc3 Bb4 4. e3 O-O 5. Nge2 Re8 6. a3 Bf8 7. d5 d6 8.
g3 exd5 9. cxd5 c5 10. Bg2 Nbd7 11. O-O c4 12. Nd4 Nc5 13. Qe2 Nd3 14. b3
Nxc1 15. Rfxc1 cxb3 16. Rab1 Nd7 17. Nxb3 b6 18. Nd4 Nc5 19. Nc6 Qf6 20.
Nb5 Ba6 21. h4 g6 22. Qc2 Bxb5 23. Rxb5 h5 24. a4 Bg7 25. a5 bxa5 26. Rxa5
a6 27. Rb1 Qc3 28. Qxc3 Bxc3 29. Ra3 Bf6 30. Bf1 Ne4 31. Rb7 a5 32. Nxa5
Bc3 33. Nc4 Rxa3 34. Nxa3 Ra8 35. Nc4 Ra2 36. Bd3 Nxf2 37. Bb1 Ra4 38. Nxd6
Ng4 39. Nxf7 Ne5 40. Nxe5 Bxe5 41. Bxg6 Bxg3 42. Kg2 Be5 43. Bxh5 Rxh4 44.
Bf7+ Kg7 45. Be6+ Kf6 46. Rf7+ Kg6 47. Kf3 Bd6 48. Rd7 Bc5 49. Rc7 Bb4 50.
Bg4 Kf6 51. e4 Bd6 52. Rd7 Ke5 53. Rd8 Rh7 54. Bf5 Ra7 55. Kg4 Rg7+ 56. Kh5
Rg1 57. Re8+ Kd4 58. Re6 Kc5 59. Kh6 Bf4+ 60. Kh7 Bd6 61. Bg6 Rg5 62. Kg7
Rg1 63. Kf7 Rf1+ 64. Bf5 Ra1 65. Re8 Kd4 66. Rc8 Ra6 67. Rc2 Ke5 68. Rc8
Ra7+ 69. Kg6 Ra6 70. Re8+ Kd4 71. Re6 Kc5 72. e5 Kxd5 73. Bg4 Rb6 74. exd6
Rxd6 1/2-1/2

[Event "Grand Chess Tour 2018"]
[Site "Saint Louis"]
[Date "15.08.2018"]
[Round "10B"]
[White "Aronian,L"]
[Black "Dominguez Perez,L"]
[Result "1-0"]
[WhiteElo "2767"]
[BlackElo "2739"]
[EventDate "2018.08.11"]

1. e4 c5 2. Nf3 d6 3. d4 cxd4 4. Nxd4 Nf6 5. Nc3 a6 6. f3 e5 7. Nb3 Be6 8.
Be3 h5 9. Qd2 Nbd7 10. O-O-O Be7 11. Nd5 Nxd5 12. exd5 Bf5 13. Bd3 Bxd3 14.
Qxd3 Bg5 15. Kb1 Bxe3 16. Qxe3 Rc8 17. h4 Nf6 18. Qd3 Qc7 19. Nd2 b5 20.
Rhe1 O-O 21. Nf1 Qc4 22. Ne3 Qxd3 23. Rxd3 g6 24. Ra3 Ra8 25. Ra5 Rfc8 26.
c3 Nd7 27. a4 bxa4 28. Rxa4 Nb6 29. Ra5 f5 30. g3 Nc4 31. Nxc4 Rxc4 32. Kc2
1-0

[Event "Grand Chess Tour 2018"]
[Site "Saint Louis"]
[Date "15.08.2018"]
[Round "11B"]
[White "Aronian,L"]
[Black "Caruana,F"]
[Result "0-1"]
[WhiteElo "2767"]
[BlackElo "2822"]
[EventDate "2018.08.11"]

1. e4 e5 2. Nf3 Nf6 3. Nxe5 d6 4. Nf3 Nxe4 5. Nc3 Nxc3 6. dxc3 Be7 7. Be3
Nc6 8. Qd2 Be6 9. O-O-O Qd7 10. Kb1 Bf6 11. h4 O-O-O 12. Ng5 Bf5 13. Qd5 h6
14. Ne4 Be5 15. Bd3 Be6 16. Qb5 f5 17. Nd2 f4 18. Bd4 Nxd4 19. cxd4 Qxb5
20. Bxb5 Bxd4 21. Rhe1 Bf5 22. Ne4 Bb6 23. Bd3 Rhf8 24. f3 d5 25. Nc3 Bxd3
26. Rxd3 c6 27. Kc1 Bf2 28. Rh1 Rde8 29. Kd1 Re5 30. Ne2 Rh5 31. Rf1 Bb6
32. Rh1 Bd8 33. Rd4 g5 34. b3 Bf6 35. Rd3 Be5 36. Ke1 gxh4 37. Kf1 Rg8 38.
Rd2 Kc7 39. Rh3 Bd6 40. Nc1 Bc5 41. Nd3 Be3 42. Re2 d4 43. a4 b5 44. a5 c5
45. Nb2 Kc6 46. Re1 a6 47. Rh1 Kd5 48. Nd3 Rf8 49. Rh3 Kd6 50. Nb2 Rc8 51.
Nd3 c4 52. Nb4 cxb3 53. cxb3 Rc3 54. Rd1 Rxb3 55. Nd3 b4 56. Ke2 Rxa5 57.
Rxh4 h5 58. Nxf4 Ra2+ 59. Kf1 Rbb2 60. Nd3 Rxg2 0-1

[Event "Grand Chess Tour 2018"]
[Site "Saint Louis"]
[Date "15.08.2018"]
[Round "11B"]
[White "Anand,V"]
[Black "Karjakin,Sergey"]
[Result "1/2-1/2"]
[WhiteElo "2768"]
[BlackElo "2773"]
[EventDate "2018.08.11"]

1. e4 c5 2. Nf3 d6 3. d4 cxd4 4. Nxd4 Nf6 5. Nc3 a6 6. h3 e5 7. Nf3 Be7 8.
Bc4 O-O 9. O-O Nc6 10. Bg5 Be6 11. Bb3 Na5 12. Bxf6 Bxf6 13. Qd3 Nxb3 14.
axb3 Rc8 15. Rfd1 Rc6 16. Nd5 Bg5 17. c4 f5 18. Nc3 Be7 19. Nd2 Qe8 20. Nd5
Bd8 21. exf5 Bxf5 22. Ne4 Qg6 23. Ndc3 Bb6 24. Rd2 Bd4 25. Re1 Rc7 26. Qg3
Qe6 27. Nd5 Rd7 28. Rxd4 exd4 29. Nef6+ Rxf6 30. Rxe6 Rxe6 31. Qf4 Be4 32.
Qg4 Bxd5 33. cxd5 Re1+ 34. Kh2 d3 35. Qxd7 d2 36. Qc8+ Kf7 37. Qf5+ Ke8 38.
Qc8+ Ke7 39. Qc7+ Ke8 40. Qc8+ Kf7 41. Qf5+ 1/2-1/2

[Event "Grand Chess Tour 2018"]
[Site "Saint Louis"]
[Date "15.08.2018"]
[Round "13B"]
[White "Dominguez Perez,L"]
[Black "Karjakin,Sergey"]
[Result "1/2-1/2"]
[WhiteElo "2739"]
[BlackElo "2773"]
[EventDate "2018.08.11"]

1. d4 Nf6 2. Nf3 d5 3. c4 e6 4. g3 Bb4+ 5. Bd2 Be7 6. Bg2 O-O 7. O-O Nbd7
8. Qc2 c6 9. Rd1 b6 10. Bf4 Ba6 11. cxd5 cxd5 12. Ne5 Nxe5 13. dxe5 Rc8 14.
Nc3 Ng4 15. h3 Nxf2 16. Kxf2 Bc5+ 17. Be3 Bxe3+ 18. Kxe3 b5 19. Qd2 Qb6+
20. Qd4 Qb8 21. Kf2 b4 22. Nb1 f6 23. Qe3 fxe5+ 24. Kg1 e4 25. Nd2 Qb6 26.
Qxb6 axb6 27. Bf1 Rc2 28. Rab1 e3 29. Nb3 Bxe2 30. Bxe2 Rxe2 31. Nd4 Ref2
32. Re1 Rd2 33. Nb3 Rc2 34. Nd4 Rd2 35. Nb3 Rc2 36. Nd4 Rd2 37. Nb3 Rc2
1/2-1/2